|
|
|
|
| LEADER |
00000nam a2200000 4500 |
| 003 |
SK-BrCVT |
| 005 |
20220617231023.0 |
| 008 |
110215s2011 xr e ||||||cze d |
| 035 |
|
|
|a CVTIDW0005901
|
| 040 |
|
|
|b slo
|a CVTI SR
|e AACR2
|
| 041 |
0 |
|
|a cze
|
| 044 |
|
|
|a xr
|
| 080 |
|
|
|a 621.315.673
|2 UDC-MRF
|
| 080 |
|
|
|a 621.315.29
|2 UDC-MRF
|
| 110 |
2 |
|
|a KOPOS Kolín (Kolín, Česko)
|4 aut
|
| 245 |
1 |
0 |
|a Elektroinstalační úložný materiál.
|
| 250 |
|
|
|a [1. vyd.]
|
| 260 |
|
|
|a [S.l.] :
|b [s.n.],
|c 2011
|
| 300 |
|
|
|b fotogr., obr., tab. ;
|a 143 s.
|
| 653 |
1 |
|
|a elektroinštalácia
|
| 710 |
2 |
|
|a KOPOS Slovakia (Bratislava, Slovensko)
|4 com
|
| 856 |
4 |
|
|u http://www.kopos.cz
|
| 910 |
|
|
|b F031326
|
| 959 |
|
|
|a 4606
|
| 974 |
|
|
|a agnesa.remenarova
|f Firemná literatúra
|
| 992 |
|
|
|a FFK
|
| 999 |
|
|
|c 165821
|d 165821
|